Determinants of adoption of potato production technology package by smallholder farmers: evidence from eastern Ethiopia
Determinanty zavedenia novej technológie produkcie zemiakov malými farmármi vo východnej Etiópii.
Na minha lista:
| Autor principal: | |
|---|---|
| Formato: | Capítulo de Livro |
| Idioma: | inglês |
| Assuntos: | |
| Tags: |
Sem tags, seja o primeiro a adicionar uma tag!
|
MARC
| LEADER | 00000nla a2200000 4500 | ||
|---|---|---|---|
| 001 | 0235084 | ||
| 005 | 20240417075125.3 | ||
| 041 | 0 | |a eng | |
| 044 | |a SK | ||
| 245 | 1 | 0 | |a Determinants of adoption of potato production technology package by smallholder farmers: evidence from eastern Ethiopia |c Mengistu Ketema ... [et al.] |
| 520 | |a Determinanty zavedenia novej technológie produkcie zemiakov malými farmármi vo východnej Etiópii. | ||
| 610 | 2 | 0 | |a zemiaky |
| 610 | 2 | 0 | |a produkcia |
| 610 | 2 | 0 | |a technológia |
| 610 | 2 | 0 | |a Etiópia |
| 100 | 1 | |a Ketema, Mengistu | |